Construction and demolition (Record no. 78389)

MARC details
000 -LEADER
fixed length control field 01403cab a2200301 4500
001 - CONTROL NUMBER
control field ##L136645
008 - FIXED-LENGTH DATA ELEMENTS--GENERAL INFORMATION
fixed length control field 070213n2007 000 0 eng u
035 ## - SYSTEM CONTROL NUMBER
System control number (Sirsi) u136645
041 0# - LANGUAGE CODE
Language code of text/sound track or separate title eng
100 1# - MAIN ENTRY--PERSONAL NAME
Personal name Murphy, Vince
245 00 - TITLE STATEMENT
Title Construction and demolition
260 ## - PUBLICATION, DISTRIBUTION, ETC.
Date of publication, distribution, etc. 2007
490 #0 - SERIES STATEMENT
Series statement CIWM
-- The Journal for Waste and Resource Management Professionals
Volume/sequential designation February 2007, 1-15(16)
520 ## - SUMMARY, ETC.
Summary, etc. A series of articles looking at aspects of construction and demolition. Covers: revisions to the Construction (Design and Management) Regulations; CIWM's Waste Awareness Certificate; the problem of land contaminated with Japanese knotweed; the role of construction and demolition in climate change; the Civil Engineering Quality Assessment and Aware Scheme; potential associated with waste plasterboard; Site Waste Management Plans; English Construction's comprehensive programme of waste minimisation; BioRegional Development Group's work towards re-use and sustainability; and the nationwide scheme Project NoWaste.
590 ## - LOCAL NOTE (RLIN)
Local note KA
650 24 - SUBJECT ADDED ENTRY--TOPICAL TERM
Topical term or geographic name entry element JAPANESE KNOTWEED
651 #4 - SUBJECT ADDED ENTRY--GEOGRAPHIC NAME
Geographic name United Kingdom
Chronological subdivision
690 ## - LOCAL SUBJECT ADDED ENTRY--TOPICAL TERM (OCLC, RLIN)
Topical term or geographic name as entry element WASTE MANAGEMENT
690 ## - LOCAL SUBJECT ADDED ENTRY--TOPICAL TERM (OCLC, RLIN)
Topical term or geographic name as entry element BUILT ENVIRONMENT
700 1# - ADDED ENTRY--PERSONAL NAME
Personal name Amos, Helen
700 1# - ADDED ENTRY--PERSONAL NAME
Personal name Watson, Mike
700 1# - ADDED ENTRY--PERSONAL NAME
Personal name Connolly, Samantha
700 1# - ADDED ENTRY--PERSONAL NAME
Personal name Howard, Gemma
700 1# - ADDED ENTRY--PERSONAL NAME
Personal name Payne, Mike
700 1# - ADDED ENTRY--PERSONAL NAME
Personal name Essex, Jonathan
700 1# - ADDED ENTRY--PERSONAL NAME
Personal name Kinsey, Andrew
942 ## - ADDED ENTRY ELEMENTS (KOHA)
Suppress in OPAC 0
Holdings
Withdrawn status Lost status Source of classification or shelving scheme Damaged status Not for loan Home library Current library Shelving location Date acquired Total Checkouts Full call number Barcode Date last seen Copy number Price effective from Koha item type
    Dewey Decimal Classification     London London Journal article 13/02/2007   L136645 136645-1001 06/08/2019 1 06/08/2019 Journal article